| 000 | 00766nam a22002417a 4500 | ||
|---|---|---|---|
| 999 |
_c9643 _d9643 |
||
| 003 | AR-CdUCM | ||
| 008 | 190328b ||||| |||| 00| 0 spa d | ||
| 040 |
_aMUNICIPALIDAD PROVINCIAL DEL CUSCO _cBIBLIOTECA MUNICIPAL DEL CUSCO |
||
| 041 | _heng | ||
| 082 |
_a504 / _bE33 / 1935 |
||
| 100 |
_aEinstein, Albert _925981 |
||
| 245 | _aCómo veo el mundo / | ||
| 260 |
_aSantiago de Chile : _bCultura, _c1935. |
||
| 300 |
_a207 páginas ; _c19 cm. |
||
| 440 |
_aHombre e ideas. _925949 |
||
| 505 | _aContenido: Como veo el mundo -- Política y pacifismo -- Alemania en 1933 -- El judaísmo -- Ciencia. | ||
| 650 |
_aFísica _92382 |
||
| 650 |
_aSionismo _92000 |
||
| 650 |
_aEnsayos _9375 |
||
| 700 |
_aMeza T., Julio _925982 |
||
| 942 |
_2ddc _cLIBROS |
||
| 945 | _aacv | ||